| 000 | 00423nam a22001217a 4500 | ||
|---|---|---|---|
| 008 | 230619b xxu||||| |||| 00| 0 eng d | ||
| 082 |
_a015.676 _bKEN |
||
| 100 | _cOffice of the vice president and ministry of Home Affairs | ||
| 245 |
_aA Guide to Government Monographs. Report and Research Works _bDepartment of Kenya National Archives |
||
| 260 | _bDepartment of Kenya National Archives | ||
| 300 | _a157p | ||
| 942 |
_2ddc _cBK |
||
| 999 |
_c1150 _d1150 |
||